Loading...
| Fine Arts - Visual Fine Arts | 4 | 3 | 0 | 1 | 90 | 38 | 78.43 | 3 | 5 |
| Philosophy | 2 | 4 | 0 | 0 | 70 | 49 | 82.50 | 2 | 6 |
| Literature - World Literature | 2 | 4 | 2 | 0 | 60 | 39 | 87.83 | 1 | 6 |
| Literature - American Literature | 2 | 3 | 1 | 0 | 55 | 68 | 96.00 | 3 | 5 |
| History - World History | 1 | 4 | 1 | 0 | 50 | 57 | 86.00 | 2 | 5 |
| History - European History | 2 | 1 | 0 | 0 | 40 | 51 | 72.00 | 1 | 2 |
| Science - Other Science | 2 | 1 | 0 | 0 | 40 | 41 | 50.33 | 3 | 3 |
| Mythology | 1 | 2 | 0 | 0 | 35 | 62 | 97.00 | 0 | 2 |
| Literature - European Literature | 1 | 3 | 3 | 0 | 30 | 64 | 82.75 | 3 | 3 |
| Fine Arts - Other Fine Arts | 0 | 2 | 0 | 0 | 20 | 80 | 111.00 | 0 | 1 |
| Literature - British Literature | 0 | 2 | 1 | 1 | 15 | 103 | 118.00 | 0 | 0 |
| History - American History | 0 | 2 | 1 | 0 | 15 | 73 | 85.00 | 0 | 2 |
| Social Science- Edited | 0 | 1 | 0 | 0 | 10 | 78 | 78.00 | 1 | 1 |
| Mythology- Edited | 0 | 1 | 0 | 0 | 10 | 113 | 113.00 | 1 | 1 |
| Other Academic | 0 | 1 | 0 | 0 | 10 | 73 | 73.00 | 0 | 1 |
| Pop Culture | 0 | 1 | 0 | 1 | 10 | 142 | 142.00 | 0 | 0 |
| Religion | 1 | 0 | 1 | 0 | 10 | 47 | 47.00 | 1 | 1 |
| Religion- Edited | 0 | 1 | 0 | 0 | 10 | 84 | 84.00 | 0 | 1 |
| Fine Arts - Auditory Fine Arts | 0 | 1 | 0 | 0 | 10 | 92 | 92.00 | 0 | 1 |
| Social Science | 0 | 1 | 0 | 0 | 10 | 84 | 84.00 | 1 | 1 |
| History - Other History | 0 | 1 | 1 | 0 | 5 | 73 | 73.00 | 0 | 1 |